000 00522cam a22002171 4500
001 sa 62000488
003 DLC
005 20260227111914.0
008 910919s1962 ii 000 0 hino
010 _asa 62000488
035 _a(OCoLC)24421239
040 _aDLC
_cWaU
_dDLC
042 _apremarc
050 0 0 _aPK2098.S5316
_bR3
100 0 _aShriman Narayan,
_d1912-
245 1 0 _aRajanī meṃ prabhāta kā aṅkura.
260 _c1962.
300 _a131 p.
_c23 cm.
500 _aIn Hindi.
500 _aPoems.
999 _c52959
_d52959